Sports by Letter - P - Statistics

General Stats
  • This quiz has been taken 131 times
  • The average score is 12 of 20
Answer Stats
Hint Answer % Correct
Another name for table tennis Ping Pong
93%
Ice Hockey ball Puck
88%
Pocket billiards Pool
85%
Roland-Garros's location Paris
80%
Country whose PM played cricket Pakistan
79%
Most decorated Olympics athlete Phelps
79%
Top level English football league Premier League
78%
First name of Sampras Pete
76%
Baseball position Pitcher
75%
Tom Brady's NFL team Patriots
71%
3x FIFA World Cup winner Pelé
70%
Iranian horseback team sport Polo
70%
City of world's largest stadium Pyongyang
47%
Main group of riders in cycling Peloton
40%
Diving position Pike
37%
Thing on which gymnasts do flairs Pommel Horse
33%
2018 Winter Olympics host Pyeongchang
28%
Basketball play aka "ball screen" Pick and Roll
27%
Manny Pacquiao's nickname PacMan
25%
Obstacle passing sport Parkour
17%
No matching quizzes found
Score Distribution
Percent of People with Each Score
Percentile by Number Answered
Your Score History
You have not taken this quiz